000 00447nam a2200145Ia 4500
008 100204s9999 xx 000 0 und d
082 _b834
100 _aशेंडे. ना. रा.
245 _aतांबडा दगड
260 _b"सुनील टाकसाळे , नागपूर"
_c"1977,2"
300 _a134
630 _aतांबडा दगड
730 _aतांबडा दगड
942 _cBOOK
999 _c446029
_d446026